|
|
|
|
| LEADER |
00000nam0a2200000 4500 |
| 001 |
66145 |
| 005 |
20231031071157.0 |
| 010 |
|
|
|a 5935566656
|
| 035 |
|
|
|a (RuTPU)RU\TPU\book\70246
|
| 090 |
|
|
|a 66145
|
| 100 |
|
|
|a 20040723d2006 m y0rusy50 ca
|
| 101 |
0 |
|
|a rus
|
| 102 |
|
|
|a RU
|
| 105 |
|
|
|a y z 000ay
|
| 200 |
1 |
|
|a Знакомьтесь - Юджин Уэллс, капитан
|e роман
|f И. В. Поль
|
| 210 |
|
|
|a Москва
|c Армада
|d 2006
|
| 215 |
|
|
|a 406 с.
|
| 225 |
1 |
|
|a Фантастический боевик
|
| 330 |
|
|
|a Человек и боевая машина в одном теле — вот кто такой Юджин Уэллс, бывший капитан Имперских воздушных сил, вовлеченный силой обстоятельств в головокружительные и смертельно опасные приключения на разных планетах Империи. Он — мужчина, он — рыцарь и потому весь без остатка отдается борьбе за жизнь и достоинство любимой женщины. Но если бы он знал, что ждет его в конце кровавого пути...
|
| 610 |
1 |
|
|a русская литература
|
| 610 |
1 |
|
|a фантастические романы
|
| 610 |
1 |
|
|a боевики
|
| 675 |
|
|
|a Р2
|v 3
|
| 700 |
|
1 |
|a Поль
|b И. В.
|g Игорь Владимирович
|
| 801 |
|
1 |
|a RU
|b 63413507
|c 20040723
|g PSBO
|
| 801 |
|
2 |
|a RU
|b 63413507
|c 20060828
|g PSBO
|
| 942 |
|
|
|c BK
|